00558cam a22002171 4500001001300000003000400013005001700017008004100034010001700075025002100092035002000113040002100133042001200154050002200166100003300188245003400221260003100255300001900286500001800305999001700323sa 68001648 DLC20260227112435.0950203s1967 ii 000 0 malo  asa 68001648  aPL480:I-Mal-1090 a(OCoLC)31933067 aDLCcCUdCUdDLC apremarc00aPL4718.9.V28bA881 aVarkki, Muṭṭattu,d1918-10aĀr̲āṃpr̲amāṇaṃ. a[n.p.,bJ. Johnson,c1967] a302 p.c18 cm. aIn Malayalam. c78116d78116